000
00292nam a22001337a 4500
008
221005b ||||| |||| 00| 0 eng d
041
_a
eng
080
_2
fifth edition
_a
611
082
_a
611
100
_a
10
101
_a
ANA
245
_a
HUMAN NEUROANATOMY
_c
TRUEX.C.R
942
_2
udc
_c
BK
999
_c
58354
_d
58354